| 000 | 00792nam a2200193 u 4500 | ||
|---|---|---|---|
| 001 | 000307549 | ||
| 003 | AM-YeHGA | ||
| 005 | 20250618071953.0 | ||
| 008 | 040211s1985 ai r 000 0 arm d | ||
| 040 | _aAM-YeHGA | ||
| 041 | 0 | _aarm | |
| 100 | 1 |
_aԱղաբաբ, Հակոբ Բեժանի, _d1875-1926 _989 |
|
| 245 | 1 | 0 |
_aԾաղկահանդես : _b[Բանաստեղծություններ] / _cՀ.Բ. Աղաբաբ; Կազմ. և առաջաբ.՝ Գ.Հ. Սրվանձտյանց; Խմբ.՝ Ս.Թ. Գաբրիելյան. |
| 260 |
_aԵրևան : _bՍովետական գրող, _c1985. |
||
| 300 |
_a110 էջ ; _c22 սմ. |
||
| 650 | 1 | 4 |
_aՀայ մանկական գրականություն _xԲանաստեղծություն |
| 700 | 1 |
_aԳաբրիելյան, Ս. _eխմբ. _4edt _98584 |
|
| 090 | _c114805 | ||
| 999 |
_c113466 _d113466 |
||